| 000 | 00794nam a22002657a 4500 | ||
|---|---|---|---|
| 001 | BR2011006595 | ||
| 003 | BR-BrBNA | ||
| 005 | 20230928103803.0 | ||
| 007 | ta | ||
| 008 | 230509b bl.||||| |||| 00| 0 por d | ||
| 040 |
_aBR-BrBNA _bpor _cBiblioteca Nacional de Agricultura |
||
| 041 | _a(Por) | ||
| 072 | _aE20 | ||
| 090 | _ E20 BR2011006595 | ||
| 110 | 1 |
_aAgroBrasil Operadora de Seguros Rurais, Rio Grande do Sul, RS (Brasil) _957 |
|
| 245 | 1 | _aPrograma de seguro agrícola subsidiado do Rio Grande do Sul 2000- 2005 | |
| 260 | 3 |
_aRio Grande do Sul, RS (Brasil): _c[nd]. |
|
| 300 | _a5 p. | ||
| 500 | _aPublished 2005? | ||
| 650 | _aPROJETO DE DESENVOLVIMENTO | ||
| 650 | _aSEGURO RURAL | ||
| 650 | _aRIO GRANDE DO SUL | ||
| 909 |
_a202309 _bLucia _c55 _dLucia Elande |
||
| 942 | _cBK | ||
| 999 |
_c76633 _d76633 |
||